00452nam a22001577a 450000500170000001000150001702000250003203500130005703700130007008200080008310000290009124500520012026000460017227000540021830000220027220100816110715.0 aENG-100486 a9788190801560c80.00 aEN-84019 bDBAD/PUB a510 aArimuthu, Johnson Sav S. aNumerical methods /cby S. Johnson Sav Arimuthu aChidambram bJayapriya Publicationsc2008 aNo.113, C-Kothangkudi StreetbChidambram e608001 a148p.c20cm (pbk)